Photoshop CC : (Record no. 19556)

MARC details
000 -LEADER
fixed length control field 01196nam a22003375a 4500
001 - CONTROL NUMBER
control field 12290989
005 - DATE AND TIME OF LATEST TRANSACTION
control field 20150809142232.0
008 - FIXED-LENGTH DATA ELEMENTS--GENERAL INFORMATION
fixed length control field 141015t2015 caua fr 001 0 eng d
020 ## - INTERNATIONAL STANDARD BOOK NUMBER
Cancelled/invalid ISBN 9780133980462
020 ## - INTERNATIONAL STANDARD BOOK NUMBER
Cancelled/invalid ISBN 0133980464
040 ## - CATALOGING SOURCE
Original cataloging agency EG-ScBUE
Language of cataloging eng
082 04 - DEWEY DECIMAL CLASSIFICATION NUMBER
Edition number 22
Classification number 006.686
Item number WEI
100 1# - MAIN ENTRY--PERSONAL NAME
Personal name Weinmann, Elaine.
9 (RLIN) 38148
245 10 - TITLE STATEMENT
Title Photoshop CC :
Remainder of title 2014 release for Windows and Macintosh /
Statement of responsibility, etc Elaine Weinmann, Peter Lourekas.
260 ## - PUBLICATION, DISTRIBUTION, ETC. (IMPRINT)
Place of publication, distribution, etc [San Francisco] :
Name of publisher, distributor, etc Peachpit Press / Pearson Education,
Date of publication, distribution, etc c.2015.
300 ## - PHYSICAL DESCRIPTION
Extent viii, 520 p. :
Other physical details ill. (col.) ;
Dimensions 23 cm.
490 0# - Series Statement
Series statement Visual quickstart guide
500 ## - GENERAL NOTE
General note Place of publication from publisher's website.
500 ## - GENERAL NOTE
General note Index : p. 499-520.
590 ## - LOCAL NOTE (RLIN)
Local note Access is available to the Yale community.
630 00 - SUBJECT ADDED ENTRY--UNIFORM TITLE
Uniform title Adobe Photoshop.
9 (RLIN) 37025
650 #0 - SUBJECT ADDED ENTRY--TOPICAL TERM
Topical term or geographic name as entry element Photography
General subdivision Digital techniques.
Source of heading or term BUEsh
9 (RLIN) 37027
650 #0 - SUBJECT ADDED ENTRY--TOPICAL TERM
Topical term or geographic name as entry element Computer graphics
General subdivision Computer programs.
Source of heading or term BUEsh
9 (RLIN) 12794
650 #0 - SUBJECT ADDED ENTRY--TOPICAL TERM
Topical term or geographic name as entry element Image processing
General subdivision Digital techniques.
Source of heading or term BUEsh
651 ## - SUBJECT ADDED ENTRY--GEOGRAPHIC NAME
Source of heading or term BUEsh
653 ## - INDEX TERM--UNCONTROLLED
Resource For college Communication and mass media
-- Informatics and Computer Science
Arrived date list June2015
-- August2015
655 ## - INDEX TERM--GENRE/FORM
Form subdivision
-- 34232
700 1# - ADDED ENTRY--PERSONAL NAME
Personal name Lourekas, Peter.
710 2# - ADDED ENTRY--CORPORATE NAME
Corporate name or jurisdiction name as entry element Safari Tech Books Online.
942 ## - ADDED ENTRY ELEMENTS (KOHA)
Source of classification or shelving scheme Dewey Decimal Classification
Holdings
Withdrawn status Item status Source of classification or shelving scheme Damaged status Not for loan Vendor Home library Current library Shelving location Date acquired Source of acquisition Cost, normal purchase price Serial Enumeration / chronology Total Checkouts Total Renewals Full call number Barcode Date last seen Date last borrowed Cost, replacement price Koha item type
    Dewey Decimal Classification     Alahram Central Library Central Library Lower Floor 10/06/2015   299.00 307 3 6 006.686 WEI 000038417 15/07/2025 09/10/2018 373.75 Book - Borrowing
    Dewey Decimal Classification     Baccah Central Library Central Library Lower Floor 04/08/2015   320.00 21763 2 112 006.686 WEI 000039679 15/07/2025 19/01/2023 400.00 Book - Borrowing